1153 1864 1354 1316 1040 1573 1157 1860 1085 1646 1242 1804 1146 1485 1776 1179 1380 1305 1174 1686 1197 1274 1054 1454 1377 1325 1166 1079 1681 1089 1357 1387 1312 1471 1312 1700 1416 1864 1107 1611 1418 1104 1065 1898 1749 1203 1255 1843 1281 1053 1472 1102 1729 1358 1284 1321 1906 1286 1609 1718 1171 1463 1511 1995 1620 1386 1803 1980 1454 1367 1306 1440 1113 1183 1912 1079 1823 1510 1848 1125 1554 1560 2000 1889 1877 1192 1945 1395 1359 1780 1480 1354 1401 1636 1369 1717 1272 1280 1816 BCNSPRNW ULIB Ver.6.0+V

เปลี่ยนเป็นภาษาไทย

Change to English
 แสดงรายละเอียดบรรณานุกรม
  กลับหน้าหลัก

Brief Record : Get Marc (ISO 2709) : E-mail record : QR code < ปิดหน้าต่าง
LEADER : 00000nam 2200000uu 4500
001    13399111747
003     ULIB
008    110707s2552||||th 000 0 tha d
020    9789742356170
050 04 CT3203^bส174ผ 2552
110 1  เบอร์ต้า (ประเทศไทย)
245 00 ผู้หญิงในตำนานที่โลกไม่ลืม =^bThe Legendary women /^cเบอร์ต้า (ประเทศไทย)
246 31 The Legendary women
250    พิมพ์ครั้งที่ 1
260    กรุงเทพ ฯ :^bเบอร์ต้า (ประเทศไทย),^c2552
300    465 หน้า :^bภาพประกอบ
650  7 สตรี^xชีวประวัติ
650  7 บุคคลสำคัญ
650  7 บุคคลมีชื่อเสียง
945    ^p500^l0^i027561
995    ทศพร
999 ^a ใช้งานได้ทุกระบบ
รายการนี้ยังไม่มีแท็ก
คุณยังไม่ได้ล็อกอิน คุณสามารถมีกิจกรรมร่วมกับเว็บไซต์ได้ แต่ต้องล็อกอินก่อน ::
  ล็อกอิน

รายการสื่อสารสนเทศ

ลำดับที่ ประเภท เลขเรียก/บาร์โค้ด สถานที่ สถานะ
- ไม่พบข้อมูล -

BibComment


ยังไม่เคยถูกคอมเมนท์

คอมเมนท์ทรัพยากรรายการนี้
  คอมเมนท์: ผู้หญิงในตำนานที่..


 Copyright 2026. Bcnsprnw @Library